| 000 | nam a22 a 4500 | ||
|---|---|---|---|
| 999 |
_c348078 _d348078 |
||
| 003 | BLK | ||
| 005 | 20200121145701.0 | ||
| 008 | 200121b bu ||||| |||| 00| 0 bu d | ||
| 020 | _a9789546608215 | ||
| 040 | _aBLK | ||
| 041 |
_aBUL _cBUL |
||
| 080 |
_aИздания за деца и юноши. Книжки-картинки. Читанки. Вж и 372.4 _b087.5 _z087.5 |
||
| 139 |
_aЯгодки : забавни задачи и игри _bЯ 22 |
||
| 245 |
_aЯгодки _bЗабавни задачи и игри |
||
| 260 |
_9209558 _aСофия _bПАН _c2017 _fЦиан |
||
| 300 |
_a10 с. : _bс цв. ил., [2] л. : цв. стикери _c21 x 23 см |
||
| 380 | _a0 | ||
| 500 | _aКор. опис. Без сведение за ориг. загл. | ||
| 700 |
_9599 _aБудек, Мариола _eил. |
||
| 942 |
_cKNG _n0 _s1 |
||
| 944 |
_aCR _c2020-01-21 _kМоника Янева _l2020-01-21 |
||